| 000 | 00689nam a22002297a 4500 | ||
|---|---|---|---|
| 005 | 20170124110215.0 | ||
| 010 | _aA-005263 | ||
| 020 |
_c00.00 _a0297778056 |
||
| 035 | _aA-005263 | ||
| 037 | _bCen Lib/Ret | ||
| 040 |
_aDPL _bEN |
||
| 082 |
_a921 _2HOU |
||
| 100 |
_aHough, Richard _938874 |
||
| 245 |
_aMountbatten : _cby Richard Hough _bhero of our time / |
||
| 260 |
_aLondon _bWeidenfeld and Nicolson _c1980 |
||
| 270 | _a91 Clapham High Street | ||
| 300 |
_axii, 290p. _c22cm(Hb) |
||
| 500 | _aIncludes index | ||
| 650 |
_aMountbatten of Burma, Louis Mountbatten, -- Earl, -- 1900-1979 _992202 |
||
| 650 |
_aViceroys _938876 |
||
| 942 |
_2ddc _cEN _h921 _mHOU |
||
| 999 |
_c133773 _d133773 |
||